Podaj nazwę tego orzecha, nasiona lub fasoli - Statystyki

Ogólne statystyki
  • Ten quiz został rozwiązany 2 425 razy
    2 384 od ostatniego zresetowania
  • Średni wynik to 12 z 16
Statystyki odpowiedzi
Obrazkowy Odpowiedź % Poprawnych
Kokos
98%
Pistacja
97%
Kasztan
95%
Orzech {włoski}
95%
Nasiona {słonecznika}
93%
Orzech {laskowy}
91%
Migdał
89%
Nerkowiec
86%
Nasiona {dyni}
85%
Żołądź
83%
Arachid
79%
Fasola {nerkowata}
77%
Ciecierzyca
57%
Orzech {brazylijski}
38%
Pekan
28%
Soja
13%
Nie znaleziono quizów pasujących do podanych kryteriów
Rozkład punktacji
Procent ludzi z każdym wynikiem
Percentyl według liczby udzielonych odpowiedzi
Twoja historia wyników
Nie rozwiązałeś tego quizu od ostatniego zresetowania